00336nam a2200133Ia 4500008004100000041000800041082001200049100001900061245003800080260003700118300003200155365000900187440000600196240624s9999 xx 000 0 und d aeng a658 KES aKESSLER ERIC H aENCYCLOPEDIA OF MANAGEMENT THEORY c2013aLondonbSage International axxxi, : 499 : p. : cm. ; 28 cb38 v2